logo

Bir Sreshtho Munshi Abdur Rouf Library
Jhenaidah Cadet College

Practice Masters : (Record no. 4990)

MARC details
000 -LEADER
fixed length control field 00583nam a2200217 a 4500
001 - CONTROL NUMBER
JCCL Control Number 4990
003 - CONTROL NUMBER IDENTIFIER
JCCL marc code BD-JhCC
005 - DATE AND TIME OF LATEST TRANSACTION
control field 20171227172056.0
008 - FIXED-LENGTH DATA ELEMENTS--GENERAL INFORMATION
fixed length control field 171206s1986 u a|||| || | 000 0 eng d
020 ## - INTERNATIONAL STANDARD BOOK NUMBER
International Standard Book Number 0829259945
035 ## - SYSTEM CONTROL NUMBER
system control number (BD-JhCC)4990
040 ## - CATALOGING SOURCE
Original cataloging agency BD-JhCC
Modifying agency BD-JhCC
041 ## - LANGUAGE CODE
Language code of Book eng
082 ## - DEWEY DECIMAL CLASSIFICATION NUMBER
Classification number 418.4
Author mark and Year PRA 1986
245 ## - TITLE STATEMENT
Title Practice Masters :
Remainder of title The riverside reading program level 7 /
260 ## - PUBLICATION, DISTRIBUTION, ETC. (IMPRINT)
Place of publication, distribution, etc Chicago :
Name of publisher, distributor, etc The Riverside Publishing Company,
Date of publication, distribution, etc 1986.
300 ## - PHYSICAL DESCRIPTION
Pagination 76 p. :
Other physical details ill. ;
Dimensions 28 cm.
650 ## - SUBJECT ADDED ENTRY--TOPICAL TERM
Topical term or geographic name as entry element Reading (Elementary)
942 ## - ADDED ENTRY ELEMENTS (KOHA)
Source of classification or shelving scheme Dewey Decimal Classification
Koha item type Books
Holdings
Source of classification or shelving scheme Damaged status Not for loan Home library Current library Shelving location Date of accession Total Checkouts Full call number Barcode Date last seen Copy number Koha item type
Dewey Decimal Classification     JCC Rouf Library JCC Rouf Library General Stacks 12/06/2017   418.4 PRA 1986 6693 12/06/2017 C-1 Books
Dewey Decimal Classification     JCC Rouf Library JCC Rouf Library General Stacks 04/04/2018   418.4 PRA 1986 1204 04/04/2018 C-2 Books
Dewey Decimal Classification     JCC Rouf Library JCC Rouf Library General Stacks 04/04/2018   418.4 PRA 1986 1203 04/04/2018 C-3 Books

JCC Library | Contacts | JCC Home

Last Update on 23 September 2017
Copyright @ 2017-2020 JCC Rouf Library
Rouf Library, Jhenidah Cadet College (JCC), Bangladesh